Rusko pôjde svojou vlastnou cestou

Posolstvo prezidenta V. Putina z apríla roku 2005 - principiálne ideologicko-politické otázky. Rusko a svet. Sloboda a spravodlivosť. Demokracia a byrokracia. Súdržnosť federácie. Podnikateľské prostredie. Priestor pre súkromné investície. Zákon na prvom mieste. Boj s terorizmom. Dokončenie v budúco...

Descripción completa

Guardado en:
Detalles Bibliográficos
Formato: Capítulo de libro
Lenguaje:eslovaco
Materias:
Etiquetas: Agregar Etiqueta
Sin Etiquetas, Sea el primero en etiquetar este registro!

MARC

LEADER 00000naa$a2200000$$$4500
001 0028914
005 20231016084036.2
041 0 |a slo 
044 |a SK 
245 1 0 |a Rusko pôjde svojou vlastnou cestou 
520 |a Posolstvo prezidenta V. Putina z apríla roku 2005 - principiálne ideologicko-politické otázky. Rusko a svet. Sloboda a spravodlivosť. Demokracia a byrokracia. Súdržnosť federácie. Podnikateľské prostredie. Priestor pre súkromné investície. Zákon na prvom mieste. Boj s terorizmom. Dokončenie v budúcom čísle. 
610 2 0 |a Rusko 
610 2 0 |a svet 
610 2 0 |a sloboda 
610 2 0 |a demokracia 
610 2 0 |a byrokracia 
610 2 0 |a federácia 
610 2 0 |a prostredie podnikateľské 
610 2 0 |a investície súkromné 
610 2 0 |a zákony 
610 2 0 |a terorizmus 
610 2 0 |a 2005